[Event "Montcalm op 6 2010-11"]
[Site "Quebec CAN"]
[Date "2011.03.24"]
[Round "1"]
[White "Chiffot, Nicolas"]
[Black "Bleau, John"]
[Result "1-0"]
[WhiteElo "2029"]
[BlackElo "1878"]
[PlyCount "105"]
[GameId "2160767909787304"]
[EventDate "2011.03.24"]
[EventType "swiss"]
[EventRounds "5"]
[EventCountry "CAN"]
[SourceTitle "EXT 2022"]
[Source "ChessBase"]
[SourceDate "2021.10.06"]
[SourceVersion "1"]
[SourceVersionDate "2021.10.06"]
[SourceQuality "1"]

1. d4 d5 2. c4 e6 3. cxd5 exd5 4. Nc3 Nf6 5. Bg5 Be7 6. Qc2 O-O 7. e3 c6 8. Bd3 h6 9. Bh4 Nbd7 10. f3 Nh5 11. Bf2 Re8 12. Nge2 Bd6 13. O-O-O Nf8 14. g4 Nf6 15. Rdg1 c5 16. g5 hxg5 17. dxc5 Bxc5 18. Rxg5 Bxe3+ 19. Bxe3 Rxe3 20. Nd4 Qe7 21. Qd2 Re5 22. Rhg1 Rxg5 23. Qxg5 Ng6 24. Bxg6 fxg6 25. Qxg6 Bd7 26. Kb1 Qf7 27. Qg3 Re8 28. Qg5 a6 29. Nce2 Nh7 30. Qd2 Qe7 31. Ng3 Qe5 32. f4 Qe7 33. Qd3 Qb4 34. a3 Qb6 35. Qd1 Re7 36. Ngf5 Bxf5+ 37. Nxf5 Rd7 38. Rg3 Nf6 39. Rd3 Qe6 40. Nd4 Qe4 41. Qd2 Re7 42. Nc2 Rc7 43. Ka1 Qc4 44. Nb4 Rd7 45. Rc3 Qe4 46. Rc8+ Kf7 47. Nd3 Ng4 48. Qd1 Qf5 49. Qxg4 Qxg4 50. Ne5+ Ke7 51. Nxg4 d4 52. Rc2 Ke6 53. Ne5 1-0

[Event "Montcalm op 6 2010-11"]
[Site "Quebec CAN"]
[Date "2011.03.24"]
[Round "1"]
[White "Cummins, Paul"]
[Black "Arteau, Benoit"]
[Result "0-1"]
[WhiteElo "1767"]
[BlackElo "1815"]
[PlyCount "96"]
[GameId "2160767909787305"]
[EventDate "2011.03.24"]
[EventType "swiss"]
[EventRounds "5"]
[EventCountry "CAN"]
[SourceTitle "EXT 2022"]
[Source "ChessBase"]
[SourceDate "2021.10.06"]
[SourceVersion "1"]
[SourceVersionDate "2021.10.06"]
[SourceQuality "1"]

1. d4 Nf6 2. c4 e6 3. Nc3 Bb4 4. a3 Bxc3+ 5. bxc3 c5 6. f3 O-O 7. Bf4 Qa5 8. Qd2 cxd4 9. cxd4 Qxd2+ 10. Kxd2 d5 11. c5 Bd7 12. e3 Bc6 13. Bd3 Nbd7 14. Ne2 Rfe8 15. Bd6 e5 16. Bf5 g6 17. Bxd7 Nxd7 18. Rab1 Re6 19. f4 exf4 20. Nxf4 Re4 21. Rhf1 Ree8 22. Rf3 Nf6 23. Nd3 Ne4+ 24. Ke1 Nxd6 25. cxd6 Red8 26. Ne5 f5 27. g4 fxg4 28. Nxg4 Rxd6 29. Rb2 Rf8 30. Rbf2 Rxf3 31. Rxf3 Kg7 32. Ne5 Be8 33. Rf2 Rb6 34. Rd2 Ba4 35. Nd3 Rb3 36. Kf2 Rxa3 37. Nf4 Bb3 38. Ne6+ Kf6 39. Nc5 b6 40. Nd7+ Ke7 41. Ne5 a5 42. Kf3 Ra2 43. Ke2 Rxd2+ 44. Kxd2 Ba4 45. h4 Kf6 46. Ng4+ Kg7 47. Ne5 h6 48. Nd7 Bxd7 0-1

[Event "Montcalm op 6 2010-11"]
[Site "Quebec CAN"]
[Date "2011.03.24"]
[Round "1"]
[White "Marquis, Paul"]
[Black "Perron, Jonathan"]
[Result "0-1"]
[WhiteElo "1959"]
[BlackElo "2065"]
[PlyCount "120"]
[GameId "2160767909787306"]
[EventDate "2011.03.24"]
[EventType "swiss"]
[EventRounds "5"]
[EventCountry "CAN"]
[SourceTitle "EXT 2022"]
[Source "ChessBase"]
[SourceDate "2021.10.06"]
[SourceVersion "1"]
[SourceVersionDate "2021.10.06"]
[SourceQuality "1"]

1. d4 Nf6 2. c4 e6 3. Nc3 c5 4. d5 exd5 5. cxd5 d6 6. e4 g6 7. f4 Bg7 8. Bb5+ Nfd7 9. a4 Qh4+ 10. g3 Qe7 11. Qe2 O-O 12. Nf3 Na6 13. O-O Nb4 14. Rd1 a6 15. Bc4 Nb6 16. Bb3 Bg4 17. a5 Nd7 18. e5 c4 19. Qxc4 Bxf3 20. Qxb4 Bxd1 21. Bxd1 Nc5 22. Be3 Rac8 23. Bxc5 Rxc5 24. Ne4 Rxd5 25. Nxd6 Bxe5 26. fxe5 Qxe5 27. Nc4 Qd4+ 28. Kg2 Rc8 29. Rc1 Rb5 30. Qc3 Rxb2+ 31. Kh3 Qxc3 32. Rxc3 Rb4 33. Be2 f5 34. Bf3 Kg7 35. Bd5 Rb5 36. Be6 Rc7 37. Rd3 Kf6 38. Bg8 Rg7 39. Nd6 Rxg8 40. Nxb5 axb5 41. Rb3 Rg7 42. Rxb5 g5 43. Kg2 Ke6 44. Kf3 Rf7 45. a6 bxa6 46. Rb6+ Ke5 47. Rxa6 Rf6 48. Ra5+ Ke6 49. Ra6+ Kf7 50. Ra7+ Kg6 51. Re7 Rb6 52. Re3 g4+ 53. Kf4 Rb4+ 54. Ke5 Rb2 55. Kf4 Rf2+ 56. Ke5 Rxh2 57. Ra3 Re2+ 58. Kd4 Rf2 59. Ra6+ Kg5 60. Ra7 Rf3 0-1

[Event "Montcalm op 6 2010-11"]
[Site "Quebec CAN"]
[Date "2011.03.31"]
[Round "2"]
[White "Bergeron, Marc"]
[Black "Bleau, John"]
[Result "1-0"]
[WhiteElo "1963"]
[BlackElo "1878"]
[PlyCount "59"]
[GameId "2160767909787307"]
[EventDate "2011.03.24"]
[EventType "swiss"]
[EventRounds "5"]
[EventCountry "CAN"]
[SourceTitle "EXT 2022"]
[Source "ChessBase"]
[SourceDate "2021.10.06"]
[SourceVersion "1"]
[SourceVersionDate "2021.10.06"]
[SourceQuality "1"]

1. e4 c5 2. Nf3 d6 3. d4 cxd4 4. Nxd4 Nf6 5. Nc3 g6 6. Be3 Bg7 7. h3 O-O 8. g4 Nc6 9. Bg2 Bd7 10. Nde2 Ne5 11. b3 Rc8 12. f4 Nc6 13. O-O Bxg4 14. hxg4 Nxg4 15. Bf2 Qa5 16. Nd5 Nxf2 17. Rxf2 Rfe8 18. f5 Qc5 19. c3 Ne5 20. b4 Qc4 21. Nd4 Nd3 22. Rd2 e6 23. Ne3 Qxc3 24. Rxd3 Qxb4 25. Rb1 Qa5 26. fxe6 fxe6 27. Nb5 Qxa2 28. Nxd6 Rf8 29. Rd2 Qa3 30. Rb3 1-0

[Event "Montcalm op 6 2010-11"]
[Site "Quebec CAN"]
[Date "2011.03.31"]
[Round "2"]
[White "Caron, Sebastien"]
[Black "Marquis, Paul"]
[Result "0-1"]
[WhiteElo "1921"]
[BlackElo "1959"]
[PlyCount "112"]
[GameId "2160767909787308"]
[EventDate "2011.03.24"]
[EventType "swiss"]
[EventRounds "5"]
[EventCountry "CAN"]
[SourceTitle "EXT 2022"]
[Source "ChessBase"]
[SourceDate "2021.10.06"]
[SourceVersion "1"]
[SourceVersionDate "2021.10.06"]
[SourceQuality "1"]

1. d4 d5 2. c4 c6 3. Nf3 Nf6 4. Nc3 e6 5. e3 Nbd7 6. Be2 Bd6 7. O-O O-O 8. e4 Nxe4 9. Nxe4 dxe4 10. Ng5 h6 11. Nxe4 Bxh2+ 12. Kxh2 Qh4+ 13. Kg1 Qxe4 14. Bd3 Qh4 15. g3 Qh3 16. Re1 Re8 17. Bf1 Qf5 18. Bd3 Qf6 19. f4 Qxd4+ 20. Be3 Qf6 21. Bc2 e5 22. Bd4 Rd8 23. Qd3 Nf8 24. fxe5 Qg5 25. Qe3 Ne6 26. Bc3 c5 27. Rad1 Rxd1 28. Bxd1 Bd7 29. Qxg5 Nxg5 30. Bd2 Be6 31. b3 Rd8 32. Be3 b6 33. Be2 Ne4 34. Kg2 a5 35. Rc1 Ng5 36. Bxg5 hxg5 37. Rd1 Rxd1 38. Bxd1 Bf5 39. Kf3 Kf8 40. Ke3 Ke7 41. Bf3 Bb1 42. a3 Bc2 43. Bd5 Bxb3 44. Ke4 Bc2+ 45. Ke3 f5 46. exf6+ gxf6 47. Kd2 Bf5 48. Kc3 Kd6 49. Bf3 Bd7 50. Kd3 f5 51. Ke3 Bc6 52. Be2 Ke5 53. Bf1 f4+ 54. gxf4+ gxf4+ 55. Kd3 Be4+ 56. Kc3 f3 0-1

[Event "Montcalm op 6 2010-11"]
[Site "Quebec CAN"]
[Date "2011.03.31"]
[Round "2"]
[White "Cummins, Paul"]
[Black "Bourassa, Andre"]
[Result "1-0"]
[WhiteElo "1781"]
[BlackElo "1788"]
[PlyCount "71"]
[GameId "2160767909787309"]
[EventDate "2011.03.24"]
[EventType "swiss"]
[EventRounds "5"]
[EventCountry "CAN"]
[SourceTitle "EXT 2022"]
[Source "ChessBase"]
[SourceDate "2021.10.06"]
[SourceVersion "1"]
[SourceVersionDate "2021.10.06"]
[SourceQuality "1"]

1. e4 c5 2. Nf3 d6 3. d4 cxd4 4. Nxd4 Nf6 5. Nc3 a6 6. Bc4 b5 7. Bb3 Bb7 8. f3 Nbd7 9. Be3 Nc5 10. Nd5 e6 11. Nxf6+ Qxf6 12. c3 Bxe4 13. fxe4 Qh4+ 14. g3 Qxe4 15. Qf3 Nd3+ 16. Ke2 Qxf3+ 17. Nxf3 Nxb2 18. Rab1 Nc4 19. Bxc4 bxc4 20. Rb7 Be7 21. Rhb1 f6 22. Nd4 Kf7 23. Nc6 Rhe8 24. R1b6 Kf8 25. Nd4 Kf7 26. Nf3 e5 27. Rxd6 Kf8 28. Rdd7 Rad8 29. Nd2 Rxd7 30. Rxd7 Rc8 31. Ra7 Rc6 32. Rb7 Bc5 33. Bxc5+ Rxc5 34. Rb4 Ke7 35. Rxc4 Kd6 36. Ne4+ 1-0

[Event "Montcalm op 6 2010-11"]
[Site "Quebec CAN"]
[Date "2011.03.31"]
[Round "2"]
[White "Perron, Jonathan"]
[Black "Chiffot, Nicolas"]
[Result "0-1"]
[WhiteElo "2065"]
[BlackElo "2029"]
[PlyCount "46"]
[GameId "2160767909787310"]
[EventDate "2011.03.24"]
[EventType "swiss"]
[EventRounds "5"]
[EventCountry "CAN"]
[SourceTitle "EXT 2022"]
[Source "ChessBase"]
[SourceDate "2021.10.06"]
[SourceVersion "1"]
[SourceVersionDate "2021.10.06"]
[SourceQuality "1"]

1. e4 e5 2. Nf3 Nc6 3. Bb5 a6 4. Ba4 Nf6 5. O-O Nxe4 6. d4 b5 7. Bb3 d5 8. dxe5 Be6 9. Nbd2 Bc5 10. Qe2 Bf5 11. Nxe4 dxe4 12. Ng5 O-O 13. e6 Nd4 14. exf7+ Kh8 15. Qh5 Bg6 16. Qg4 Nxb3 17. axb3 Qe7 18. Ne6 Rxf7 19. Nxc5 Qxc5 20. Rxa6 Raf8 21. Be3 Qxc2 22. Bd4 Qd3 23. Bc3 Rxf2 0-1

[Event "Montcalm op 6 2010-11"]
[Site "Quebec CAN"]
[Date "2011.04.07"]
[Round "3"]
[White "Bleau, John"]
[Black "Perron, Jonathan"]
[Result "1-0"]
[WhiteElo "1878"]
[BlackElo "2065"]
[PlyCount "113"]
[GameId "2160767909787311"]
[EventDate "2011.03.24"]
[EventType "swiss"]
[EventRounds "5"]
[EventCountry "CAN"]
[SourceTitle "EXT 2022"]
[Source "ChessBase"]
[SourceDate "2021.10.06"]
[SourceVersion "1"]
[SourceVersionDate "2021.10.06"]
[SourceQuality "1"]

1. d4 Nf6 2. c4 e6 3. g3 c5 4. d5 exd5 5. cxd5 d6 6. Bg2 g6 7. Nc3 Bg7 8. Nf3 O-O 9. O-O a6 10. a4 Re8 11. Nd2 Nbd7 12. Nc4 Nb6 13. Na3 Bd7 14. e4 Rb8 15. Bf4 Qe7 16. a5 Nc8 17. Re1 Nh5 18. Be3 Na7 19. Qd2 Nb5 20. Naxb5 axb5 21. Qe2 b4 22. Na4 Bxa4 23. Rxa4 Qd7 24. b3 Nf6 25. Qc2 Qb5 26. Bf4 Nxd5 27. Bxd6 Rbc8 28. Bh3 f5 29. Bf1 Qc6 30. exd5 Qxd6 31. Re6 Rxe6 32. dxe6 Ra8 33. Qc4 Kf8 34. Qb5 Qc6 35. Qxc6 bxc6 36. a6 Ke7 37. Bc4 Bd4 38. Kg2 Be5 39. Ra2 Bd4 40. Re2 Bc3 41. Re3 Bd4 42. Rd3 Ra7 43. h4 Rc7 44. Kf3 Kd6 45. Rd2 Re7 46. Ra2 Ra7 47. g4 fxg4+ 48. Kxg4 Ke7 49. h5 Be5 50. Rd2 gxh5+ 51. Kxh5 Bd6 52. Rd3 Ra8 53. Rf3 Ke8 54. Rf7 Be7 55. Rxh7 Ra7 56. Kg6 Rc7 57. f4 1-0

[Event "Montcalm op 6 2010-11"]
[Site "Quebec CAN"]
[Date "2011.04.07"]
[Round "3"]
[White "Bourassa, Andre"]
[Black "Arteau, Benoit"]
[Result "1/2-1/2"]
[WhiteElo "1788"]
[BlackElo "1815"]
[PlyCount "94"]
[GameId "2160767909787312"]
[EventDate "2011.03.24"]
[EventType "swiss"]
[EventRounds "5"]
[EventCountry "CAN"]
[SourceTitle "EXT 2022"]
[Source "ChessBase"]
[SourceDate "2021.10.06"]
[SourceVersion "1"]
[SourceVersionDate "2021.10.06"]
[SourceQuality "1"]

1. d4 Nf6 2. c4 e6 3. Nc3 Bb4 4. Bg5 Nc6 5. e3 O-O 6. Bd3 d6 7. Nf3 e5 8. d5 Nb8 9. Qc2 h6 10. h4 Bxc3+ 11. bxc3 Re8 12. Nd2 hxg5 13. hxg5 e4 14. gxf6 exd3 15. Qxd3 Qxf6 16. Qh7+ Kf8 17. Ne4 Qg6 18. Qxg6 fxg6 19. Kd2 Bf5 20. Rh8+ Ke7 21. Rxe8+ Kxe8 22. Ng3 Na6 23. e4 Bd7 24. Rh1 Kf7 25. Ne2 Nc5 26. f3 Re8 27. Ke3 g5 28. Nd4 g6 29. Nb3 Nxb3 30. axb3 Kg7 31. b4 a6 32. Kd4 Rh8 33. Rxh8 Kxh8 34. c5 Kg7 35. e5 dxe5+ 36. Kxe5 Kf7 37. g3 Ke7 38. f4 gxf4 39. Kxf4 Kf6 40. Ke4 g5 41. Kd4 Kf5 42. c4 Kf6 43. d6 c6 44. Ke4 Be8 45. Kd4 Bd7 46. Ke4 Be6 47. Kd4 Bd7 1/2-1/2

[Event "Montcalm op 6 2010-11"]
[Site "Quebec CAN"]
[Date "2011.04.07"]
[Round "3"]
[White "Chiffot, Nicolas"]
[Black "Caron, Sebastien"]
[Result "1-0"]
[WhiteElo "2029"]
[BlackElo "1921"]
[PlyCount "119"]
[GameId "2160767909787313"]
[EventDate "2011.03.24"]
[EventType "swiss"]
[EventRounds "5"]
[EventCountry "CAN"]
[SourceTitle "EXT 2022"]
[Source "ChessBase"]
[SourceDate "2021.10.06"]
[SourceVersion "1"]
[SourceVersionDate "2021.10.06"]
[SourceQuality "1"]

1. e4 e6 2. d4 d5 3. Nc3 Bb4 4. Nge2 c5 5. a3 Bxc3+ 6. Nxc3 dxe4 7. Nxe4 cxd4 8. Qg4 Kf8 9. Qg3 Ne7 10. Bf4 Nf5 11. Qf3 h5 12. O-O-O Nc6 13. Bd3 e5 14. Bg5 f6 15. Nxf6 gxf6 16. Bxf5 Bxf5 17. Qxf5 Kg7 18. Bh4 Rh6 19. Rd3 Qc8 20. Rg3+ Kf7 21. Qd3 Qe6 22. Qd2 Rah8 23. Kb1 Rg6 24. Rxg6 Kxg6 25. Re1 Qg4 26. Bg3 h4 27. f3 Qf5 28. Bf2 h3 29. Bg3 hxg2 30. Qxg2 Qh3 31. Qg1 Kf7 32. f4 Rh5 33. Qh1 Qe6 34. Qf3 Rf5 35. Qe4 Ke7 36. Qf3 Kf7 37. Re4 Qd5 38. Qe2 a6 39. b3 b5 40. fxe5 fxe5 41. Kb2 Ke8 42. Qg4 Qf7 43. Qh3 Qe6 44. Qh7 Rf7 45. Qh8+ Rf8 46. Qh5+ Qf7 47. Qe2 Qf3 48. Bxe5 Qxe2 49. Rxe2 Kf7 50. Rf2+ Kg8 51. Rxf8+ Kxf8 52. Bg3 Kf7 53. Kc1 Ke6 54. Kd2 Kd5 55. h4 Ke4 56. h5 Ne7 57. Bh4 Ng8 58. Bg5 Kf5 59. h6 Kg6 60. Kd3 1-0

[Event "Montcalm op 6 2010-11"]
[Site "Quebec CAN"]
[Date "2011.04.07"]
[Round "3"]
[White "Dumont, Eric"]
[Black "Bluteau, Yvon"]
[Result "1-0"]
[WhiteElo "1691"]
[BlackElo "1875"]
[PlyCount "89"]
[GameId "2160767909787314"]
[EventDate "2011.03.24"]
[EventType "swiss"]
[EventRounds "5"]
[EventCountry "CAN"]
[SourceTitle "EXT 2022"]
[Source "ChessBase"]
[SourceDate "2021.10.06"]
[SourceVersion "1"]
[SourceVersionDate "2021.10.06"]
[SourceQuality "1"]

1. d4 Nf6 2. Bf4 e6 3. e3 c5 4. c3 Nc6 5. Nf3 Qb6 6. Qb3 Be7 7. h3 O-O 8. Nbd2 cxd4 9. exd4 Qxb3 10. axb3 b6 11. Nc4 Ne8 12. Nxb6 Rb8 13. Bxb8 axb6 14. Bf4 Nf6 15. Ra8 Nd5 16. Bg3 d6 17. Ba6 Bd7 18. Rxf8+ Kxf8 19. O-O g5 20. Ra1 f5 21. Bc8 Bxc8 22. Ra8 f4 23. Rxc8+ Nd8 24. Bh2 Ke8 25. g3 Kd7 26. Ra8 h5 27. gxf4 gxf4 28. c4 Nc7 29. Rb8 Kc6 30. Bxf4 Na6 31. Ra8 Kb7 32. Rxd8 Bxd8 33. Bxd6 Kc6 34. Bf8 Bc7 35. Kf1 Bf4 36. Ke2 Nb8 37. Ne5+ Kc7 38. Kf3 Bc1 39. Nd3 Bg5 40. Ke4 Nd7 41. Bg7 Kd6 42. f4 Bd8 43. f5 exf5+ 44. Kxf5 Nb8 45. Be5+ 1-0

[Event "Montcalm op 6 2010-11"]
[Site "Quebec CAN"]
[Date "2011.04.07"]
[Round "3"]
[White "Marquis, Paul"]
[Black "Bergeron, Marc"]
[Result "1-0"]
[WhiteElo "1959"]
[BlackElo "1963"]
[PlyCount "83"]
[GameId "2160767909787315"]
[EventDate "2011.03.24"]
[EventType "swiss"]
[EventRounds "5"]
[EventCountry "CAN"]
[SourceTitle "EXT 2022"]
[Source "ChessBase"]
[SourceDate "2021.10.06"]
[SourceVersion "1"]
[SourceVersionDate "2021.10.06"]
[SourceQuality "1"]

1. d4 d5 2. c4 Nc6 3. Nf3 Bg4 4. cxd5 Bxf3 5. gxf3 Qxd5 6. e3 e5 7. Nc3 Bb4 8. Bd2 Bxc3 9. bxc3 Qd6 10. f4 exf4 11. e4 Nge7 12. Rb1 b6 13. Qf3 O-O 14. Bxf4 Qe6 15. Bd3 f5 16. e5 Na5 17. O-O Kh8 18. Bg5 Ng6 19. h4 h6 20. h5 hxg5 21. hxg6 Qxg6 22. Kg2 Rad8 23. Rh1+ Kg8 24. Qe2 Rf7 25. Rh5 Qc6+ 26. f3 g6 27. Rxg5 Kg7 28. Qc2 Qe6 29. Rg1 c5 30. Kf2 cxd4 31. Rxg6+ Qxg6 32. Rxg6+ Kxg6 33. cxd4 Rxd4 34. Ke3 Rd5 35. f4 Rc5 36. Qg2+ Kh7 37. Qg5 Nc4+ 38. Ke2 Rc6 39. Bxf5+ Kh8 40. e6 Rfc7 41. e7 Nd6 42. Qf6+ 1-0

[Event "Montcalm op 6 2010-11"]
[Site "Quebec CAN"]
[Date "2011.04.14"]
[Round "4"]
[White "Arteau, Benoit"]
[Black "Bluteau, Yvon"]
[Result "1/2-1/2"]
[WhiteElo "1815"]
[BlackElo "1875"]
[PlyCount "82"]
[GameId "2160767909787316"]
[EventDate "2011.03.24"]
[EventType "swiss"]
[EventRounds "5"]
[EventCountry "CAN"]
[SourceTitle "EXT 2022"]
[Source "ChessBase"]
[SourceDate "2021.10.06"]
[SourceVersion "1"]
[SourceVersionDate "2021.10.06"]
[SourceQuality "1"]

1. Nf3 c5 2. g3 g6 3. Bg2 Bg7 4. O-O Nf6 5. d3 d5 6. Nbd2 O-O 7. e4 dxe4 8. dxe4 Nc6 9. c3 Bg4 10. Qc2 Qc8 11. Re1 Rd8 12. a4 Qd7 13. Bf1 Bh3 14. Be2 h6 15. Nc4 Qe6 16. Ncd2 Rac8 17. Bc4 Qd7 18. a5 Ng4 19. a6 b6 20. Bb5 Qc7 21. Nc4 Nce5 22. Nfxe5 Nxe5 23. Nxe5 Qxe5 24. Bc4 Qh5 25. Be2 Bg4 26. Be3 Bxe2 27. Qxe2 Qxe2 28. Rxe2 Rd3 29. Rd2 Rxd2 30. Bxd2 h5 31. Kf1 c4 32. Be3 Kf8 33. f4 e6 34. Ra4 Ke8 35. Ke2 Bf6 36. Kf3 Kd7 37. h3 Bd8 38. Rb4 Be7 39. Ra4 Rc6 40. e5 Bd8 41. Rb4 Rc8 1/2-1/2

[Event "Montcalm op 6 2010-11"]
[Site "Quebec CAN"]
[Date "2011.04.14"]
[Round "4"]
[White "Bergeron, Marc"]
[Black "Perron, Jonathan"]
[Result "0-1"]
[WhiteElo "1963"]
[BlackElo "2065"]
[PlyCount "100"]
[GameId "2160767909787317"]
[EventDate "2011.03.24"]
[EventType "swiss"]
[EventRounds "5"]
[EventCountry "CAN"]
[SourceTitle "EXT 2022"]
[Source "ChessBase"]
[SourceDate "2021.10.06"]
[SourceVersion "1"]
[SourceVersionDate "2021.10.06"]
[SourceQuality "1"]

1. e4 c5 2. Nf3 d6 3. d4 cxd4 4. Nxd4 Nf6 5. Nc3 a6 6. Bc4 e6 7. O-O b5 8. Bb3 Be7 9. a3 O-O 10. f4 Bb7 11. Qe2 Nbd7 12. Rd1 Nc5 13. e5 Nxb3 14. Nxb3 Nd5 15. Nxd5 Bxd5 16. Be3 Qc7 17. Bd4 dxe5 18. Bxe5 Bd6 19. Nd4 Bxe5 20. fxe5 Rfd8 21. Rd2 Rd7 22. Rad1 Rad8 23. Qe3 h6 24. Ne2 Bb7 25. Rxd7 Rxd7 26. Rxd7 Qxd7 27. Qd4 Qc6 28. Qd8+ Kh7 29. Qd3+ g6 30. Qg3 Qxc2 31. Qf4 Kg8 32. Kf2 Bxg2 33. Qd4 Bd5 34. Ke3 Qf5 35. Qf4 Qh3+ 36. Qg3 Qf1 37. Qf4 Qg2 38. b4 Bc4 39. Nc3 Qg1+ 40. Kd2 g5 41. Qg3 Qa1 42. h4 Qb2+ 43. Ke1 Qxa3 44. hxg5 Qc1+ 45. Kf2 Qd2+ 46. Kg1 Qxg5 47. Qxg5+ hxg5 48. Ne4 g4 49. Kf2 Kg7 50. Nc5 Kg6 0-1

[Event "Montcalm op 6 2010-11"]
[Site "Quebec CAN"]
[Date "2011.04.14"]
[Round "4"]
[White "Bourassa, Andre"]
[Black "Sauve, Richard"]
[Result "0-1"]
[WhiteElo "1788"]
[BlackElo "1849"]
[PlyCount "86"]
[GameId "2160767909787318"]
[EventDate "2011.03.24"]
[EventType "swiss"]
[EventRounds "5"]
[EventCountry "CAN"]
[SourceTitle "EXT 2022"]
[Source "ChessBase"]
[SourceDate "2021.10.06"]
[SourceVersion "1"]
[SourceVersionDate "2021.10.06"]
[SourceQuality "1"]

1. d4 f5 2. Bg5 h6 3. Bh4 g5 4. e3 Nf6 5. Be2 Bg7 6. Bh5+ Kf8 7. Bg3 c5 8. Bxb8 Rxb8 9. Be2 cxd4 10. exd4 Qb6 11. b3 Ne4 12. c3 e5 13. f3 Nxc3 14. Nxc3 exd4 15. Na4 Qb4+ 16. Qd2 Qxd2+ 17. Kxd2 d3 18. Rc1 dxe2 19. Nxe2 Kf7 20. Rc7 Be5 21. Rc2 b6 22. Nac3 Bb7 23. Ng3 Kf6 24. Re1 Rhe8 25. Nh5+ Kg6 26. Ng3 d5 27. Nb5 a6 28. Nc3 Rbc8 29. Nce2 Bf6 30. Rec1 Rxc2+ 31. Rxc2 Rc8 32. Rxc8 Bxc8 33. Nc3 Bb7 34. Na4 Bd8 35. Ne2 Kf6 36. Kd3 Ke5 37. Nd4 h5 38. g3 f4 39. Nc3 fxg3 40. hxg3 h4 41. f4+ gxf4 42. gxf4+ Kxf4 43. Ne6+ Kf3 0-1

[Event "Montcalm op 6 2010-11"]
[Site "Quebec CAN"]
[Date "2011.04.14"]
[Round "4"]
[White "Caron, Sebastien"]
[Black "Bleau, John"]
[Result "1/2-1/2"]
[WhiteElo "1921"]
[BlackElo "1878"]
[PlyCount "82"]
[GameId "2160767909787319"]
[EventDate "2011.03.24"]
[EventType "swiss"]
[EventRounds "5"]
[EventCountry "CAN"]
[SourceTitle "EXT 2022"]
[Source "ChessBase"]
[SourceDate "2021.10.06"]
[SourceVersion "1"]
[SourceVersionDate "2021.10.06"]
[SourceQuality "1"]

1. e4 c5 2. Nf3 d6 3. d4 cxd4 4. Nxd4 Nf6 5. Nc3 g6 6. f4 Nc6 7. Nxc6 bxc6 8. e5 Nd7 9. exd6 exd6 10. Qd4 Qf6 11. Be3 Be7 12. Ne4 Qxd4 13. Bxd4 O-O 14. c4 Re8 15. O-O-O f5 16. Nf2 Bb7 17. Rg1 c5 18. Bc3 Nf6 19. Bd3 Nh5 20. g3 Bf3 21. Rde1 Bf6 22. Bxf6 Nxf6 23. Kd2 d5 24. cxd5 Bxd5 25. b3 Kf7 26. Rxe8 Rxe8 27. Rc1 Nd7 28. Bc4 Bxc4 29. Rxc4 Re6 30. Nd3 Ra6 31. a4 Rd6 32. Ke3 Rd5 33. Rc2 a5 34. Nb2 Nb6 35. Nc4 Nxc4+ 36. Rxc4 Ke6 37. Rc3 Kd6 38. Rd3 Rxd3+ 39. Kxd3 Kd5 40. Kc3 Kd6 41. Kc4 Kc6 1/2-1/2

[Event "Montcalm op 6 2010-11"]
[Site "Quebec CAN"]
[Date "2011.04.14"]
[Round "4"]
[White "Cummins, Paul"]
[Black "Dumont, Eric"]
[Result "1-0"]
[WhiteElo "1767"]
[BlackElo "1691"]
[PlyCount "75"]
[GameId "2160767909787320"]
[EventDate "2011.03.24"]
[EventType "swiss"]
[EventRounds "5"]
[EventCountry "CAN"]
[SourceTitle "EXT 2022"]
[Source "ChessBase"]
[SourceDate "2021.10.06"]
[SourceVersion "1"]
[SourceVersionDate "2021.10.06"]
[SourceQuality "1"]

1. e4 c5 2. Nf3 g6 3. d4 Bg7 4. c3 cxd4 5. Nxd4 Nc6 6. Be3 Nf6 7. Nd2 d6 8. Be2 Bd7 9. f3 O-O 10. N2b3 d5 11. Nxc6 bxc6 12. e5 Ne8 13. f4 f6 14. Bd4 Nc7 15. Nc5 Ne6 16. Nxe6 Bxe6 17. O-O Qc7 18. exf6 exf6 19. Bc5 Rfe8 20. Bd3 Rab8 21. Qc2 f5 22. Rae1 Bf7 23. Rxe8+ Rxe8 24. Qf2 Qa5 25. b4 Qa3 26. Re1 Qxc3 27. Rxe8+ Bxe8 28. Qe3 Bf7 29. Qe7 Qf6 30. Qxa7 Qd8 31. a4 Bf8 32. a5 Bxc5+ 33. Qxc5 Be8 34. a6 Qf6 35. a7 Qa1+ 36. Bf1 d4 37. Qc4+ Kg7 38. Qa6 1-0

[Event "Montcalm op 6 2010-11"]
[Site "Quebec CAN"]
[Date "2011.04.14"]
[Round "4"]
[White "Marquis, Paul"]
[Black "Chiffot, Nicolas"]
[Result "0-1"]
[WhiteElo "1959"]
[BlackElo "2029"]
[PlyCount "70"]
[GameId "2160767909787321"]
[EventDate "2011.03.24"]
[EventType "swiss"]
[EventRounds "5"]
[EventCountry "CAN"]
[SourceTitle "EXT 2022"]
[Source "ChessBase"]
[SourceDate "2021.10.06"]
[SourceVersion "1"]
[SourceVersionDate "2021.10.06"]
[SourceQuality "1"]

1. d4 Nf6 2. c4 g6 3. Nc3 d5 4. cxd5 Nxd5 5. e4 Nxc3 6. bxc3 Bg7 7. Be3 c5 8. Qd2 Qa5 9. Rb1 a6 10. Ne2 Nc6 11. dxc5 O-O 12. Nd4 Rd8 13. Rd1 Bd7 14. Be2 Ne5 15. O-O Bb5 16. Qb2 Nc4 17. Bxc4 Bxc4 18. Rfe1 Rd7 19. Rc1 Qxa2 20. Qxa2 Bxa2 21. Ra1 Bc4 22. Ra4 Bd3 23. f3 e5 24. Ne2 Bb5 25. Rb4 Rd3 26. Kf2 Bf8 27. Rb3 Rc8 28. Nc1 Rxe3 29. Kxe3 Bxc5+ 30. Kd2 Rd8+ 31. Kc2 Ba4 32. Re2 Ba3 33. Kb1 Bxc1 34. Rxb7 Rd1 35. Ka2 Bb5 0-1

[Event "Montcalm op 6 2010-11"]
[Site "Quebec CAN"]
[Date "2011.04.21"]
[Round "5"]
[White "Bleau, John"]
[Black "Marquis, Paul"]
[Result "1-0"]
[WhiteElo "1878"]
[BlackElo "1959"]
[PlyCount "35"]
[GameId "2160767909787322"]
[EventDate "2011.03.24"]
[EventType "swiss"]
[EventRounds "5"]
[EventCountry "CAN"]
[SourceTitle "EXT 2022"]
[Source "ChessBase"]
[SourceDate "2021.10.06"]
[SourceVersion "1"]
[SourceVersionDate "2021.10.06"]
[SourceQuality "1"]

1. d4 d5 2. c4 c6 3. Nf3 e6 4. e3 Nf6 5. Qc2 Nbd7 6. Nc3 dxc4 7. Bxc4 b5 8. Bd3 Bb7 9. O-O Bd6 10. e4 e5 11. Bg5 h6 12. Bh4 g5 13. Bg3 Qe7 14. dxe5 Nxe5 15. Nd4 Bc8 16. Bxe5 Qxe5 17. Nf3 Qf4 18. Ne2 1-0

[Event "Montcalm op 6 2010-11"]
[Site "Quebec CAN"]
[Date "2011.04.21"]
[Round "5"]
[White "Chiffot, Nicolas"]
[Black "Bergeron, Marc"]
[Result "0-1"]
[WhiteElo "2029"]
[BlackElo "1963"]
[PlyCount "48"]
[GameId "2160767909787323"]
[EventDate "2011.03.24"]
[EventType "swiss"]
[EventRounds "5"]
[EventCountry "CAN"]
[SourceTitle "EXT 2022"]
[Source "ChessBase"]
[SourceDate "2021.10.06"]
[SourceVersion "1"]
[SourceVersionDate "2021.10.06"]
[SourceQuality "1"]

1. d4 d5 2. c4 Nc6 3. Nf3 Bg4 4. cxd5 Bxf3 5. dxc6 Bxc6 6. Nc3 Nf6 7. f3 e6 8. e4 Be7 9. Be3 O-O 10. Qc2 a6 11. Bd3 g6 12. Rc1 Nh5 13. O-O Bf6 14. d5 exd5 15. exd5 Bxd5 16. Rfd1 c6 17. Nxd5 cxd5 18. Be4 Bg5 19. Qf2 Bxe3 20. Qxe3 Re8 21. Qb3 Nf4 22. Rc2 Qe7 23. Bxd5 Nxd5 24. Qxd5 Rad8 0-1